000 00528nam a2200181Ia 4500
005 20250326124459.0
008 250326s9999 xx 000 0 und d
037 _aTextbook
040 _aFMSL
_beng
_cFMSL
041 _aeng
_2eng
084 _aX:8 K5.1
_qFMSL
100 _aDavis H M
245 0 _aFundamentals of industrial administration: introducation to management
_cDavis H M
260 _aLondon
_bLondon, Macdonald & Evens
_c1965
300 _a299p
942 _cTB
_hX:8 K5.1
999 _c1273881
_d1273881